000 00870nam a2200217Ia 4500
005 20241129110925.0
008 241129s9999||||xx |||||||||||||| ||und||
020 _a978-93-85600-43-2
037 _aTB
040 _aCRL
_bhin
_cCRL
041 _ahin
_2hin
084 _aO152,3(Y15)N14:g R0
_qCRL
100 _aनीलम, ले.
_9159534
245 0 _aआधुनिक स्त्री अस्मिता का प्रश्न: यशपाल का कथा - साहित्य
_cनीलम, ले.
260 _aदिल्ली, भारत
_bअक्षर पब्लिशर्स एण्ड डिस्ट्रीब्यूटर्स
_c2020
300 _a203पृ0
365 _aINR
_b550
650 _aHindi LiteratureFiction
_9726203
942 _cTB
_hO152,3(Y15)N14:g R0
999 _c1228118
_d1228118